| 000 | 01787nam a2200253Ia 4500 | ||
|---|---|---|---|
| 005 | 20151209092940.0 | ||
| 008 | 130821s1905 pe gr spa | ||
| 040 |
_aCo-BoUCM _bspa _cSandra Yazo (modificó) _dSandra Yazo (modificó) |
||
| 041 | 0 | 0 | _aspa |
| 092 | _aE02N092 | ||
| 100 | 1 |
_aUlloa, Alberto _ecomp. _938362 |
|
| 245 | 1 | 3 |
_aLa opinión Colombiana y el problema de Tacna y Arica _cAlberto Ulloa, comp |
| 260 |
_aLima (Perú) _bImprenta de "El Tiempo" _c1905 |
||
| 300 |
_a441 páginas _c27 x 19 cm. |
||
| 500 | _aDescripción física: Encuadernación rígida (holandesa) en cartón forrado en papel con lomo en cuero y adornos en dorado. Tapas con raspaduras, bordes y esquinas con deterioro. Guardas. Portada impresa en una tinta. Cenefas y remates. Texto impreso en una sola columna con varios tipos y tamaños de letra. Márgenes amplios. Algunas notas al pie de página. Manchas sobre el papel | ||
| 505 | 2 | _aRespuesta del señor Francisco Javier Vergara y Vergara, de Nicolás Sáenz, de Alejandro Rojas Williams, de Epifanio Garay, de Carlos Liévano, de Francisco de P. Sáenz, de Víctor y Darío Gutiérrez Uricochea, de Alfredo Gómez, de Lorenzo Codazzi, de Julio de Francisco, de Maximiliano Grillo, de Francisco L. Cabo, de Nazario Lorenzana, de Francisco de P. Borda, de José María Pérez, de Rafael María Carrasquilla, de Francisco Groot, de Lino de Pombo, de Marco Fidel Suarez, de Miguel Antonio Caro | |
| 506 | _aConsulta en sala | ||
| 650 | 7 |
_aCuestión de Tacna y Arica _912327 |
|
| 651 | 7 |
_aChile _bRelaciones internacionales _zPerú _926603 |
|
| 651 | 7 |
_aPerú _bRelaciones internacionales _zChile _926683 |
|
| 690 | _aRelaciones internacionales | ||
| 942 |
_cLIBRO _a6 _e1 _mU55o _2DEWEY _h327.8500983 |
||
| 999 |
_c61264 _d61264 |
||